| 000 | 00993pam a2200277 a 4500 | ||
|---|---|---|---|
| 001 | 76933 | ||
| 003 | BD-RjUL | ||
| 005 | 20211209082915.0 | ||
| 008 | 200206s1995 enk b 001 0 eng | ||
| 020 | _a0521498619 | ||
| 035 | _a(BD-RjUL)77157 | ||
| 040 |
_aDLC _cDLC _dDLC _beng |
||
| 041 | _aeng | ||
| 082 | 0 | 0 |
_a418.007 _223 _bRIA 1995 |
| 100 | 1 |
_aRichards, Jack C., _d1943- _9238961 |
|
| 245 | 1 | 0 |
_aApproaches and methods in language teaching : _ba description and analysis / _cJack C. Richards and Theodore S. Rodgers. |
| 250 | _aCambridge Low Price ed. | ||
| 260 |
_aCambridge : _bCambridge University Press, _c1995 |
||
| 300 |
_aviii, 171 p. ; _c22 cm. |
||
| 490 | _aCambridge language teaching library | ||
| 504 | _aIncludes bibliographies and index. | ||
| 650 | 0 |
_aLanguage and languages _xStudy and teaching. _9238963 |
|
| 700 | 1 |
_aRodgers, Theodore S. _q(Theodore Stephen), _d1934- , jt. auth. _9238965 |
|
| 830 |
_aCambridge language teaching library _9238966 |
||
| 942 |
_2ddc _cBK |
||
| 999 |
_c76933 _d76933 |
||